[Event "EU-ch Amateur U2300"]
[Site "Zagreb"]
[Date "2022.08.17"]
[Round "5"]
[White "Denic, Marin"]
[Black "Babic, Zvonko"]
[Result "0-1"]
[WhiteElo "2190"]
[BlackElo "2180"]
[PlyCount "88"]
[EventDate "2022.08.14"]
[EventType "swiss"]
[EventRounds "9"]
[EventCountry "CRO"]
[SourceTitle "CBM 210 Extra"]
[Source "ChessBase"]
[SourceDate "2022.11.30"]
[SourceVersion "1"]
[SourceVersionDate "2022.11.30"]
[SourceQuality "1"]

1. e4 d6 2. d4 Nf6 3. Nc3 e5 4. Nf3 Nbd7 5. Bc4 Be7 6. 0-0 0-0 7. Re1 c6 8. a4 a5 9. h3 h6 10. Be3 Re8 11. d5 Nb6 12. Nd2 cxd5 13. exd5 Bf5 14. Ra3 Nbd7 15. Rb3 Qc8 16. Bb5 Rf8 17. Nc4 Bg6 18. Qe2 Qc7 19. Bxd7 Nxd7 20. Nb5 Qb8 21. Rc3 Ra6 22. f4 Re8 23. fxe5 Bh4 24. Bf2 Bxf2+ 25. Qxf2 Nxe5 26. Nxe5 dxe5 27. Nc7 Rf6 28. Qc5 b6 29. Qe3 Re7 30. Nb5 e4 31. Rd1 Qe5 32. d6 Rd7 33. Qxb6 Bf5 34. Qd4 Qf4 35. Qe3 Qh4 36. Rc5 Bxh3 37. Rc8+ Kh7 38. Qxh3 Qf2+ 39. Kh1 Rf4 40. g3 Qf3+ 41. Qg2 Qh5+ 42. Kg1 Qxd1+ 43. Kh2 Rf1 44. g4 Qe1 0-1

[Event "EU-ch Amateur U2300"]
[Site "Zagreb"]
[Date "2022.08.15"]
[Round "2"]
[White "Babic, Zvonko"]
[Black "Ruzic, Pia Marie"]
[Result "1-0"]
[WhiteElo "2180"]
[BlackElo "1996"]
[PlyCount "105"]
[EventDate "2022.08.14"]
[EventType "swiss"]
[EventRounds "9"]
[EventCountry "CRO"]
[SourceTitle "CBM 210 Extra"]
[Source "ChessBase"]
[SourceDate "2022.11.30"]
[SourceVersion "1"]
[SourceVersionDate "2022.11.30"]
[SourceQuality "1"]

1. c4 Nf6 2. Nf3 g6 3. g3 Bg7 4. Bg2 d6 5. 0-0 e5 6. d3 h6 7. Nc3 0-0 8. Rb1 a5 9. a3 Nc6 10. b4 axb4 11. axb4 Be6 12. b5 Ne7 13. Bb2 Qd7 14. Ra1 Bh3 15. Qb3 Bxg2 16. Kxg2 Nh5 17. h3 Kh7 18. Na4 g5 19. c5 Ng6 20. Rh1 d5 21. Nc3 d4 22. Ne4 Rxa1 23. Bxa1 Qe7 24. Bb2 f5 25. Ned2 Rd8 26. Qc4 Ra8 27. Bc1 c6 28. Nb3 Bf8 29. h4 cxb5 30. Qxb5 g4 31. Ng5+ Kg7 32. Ne6+ Qxe6 33. Qxb7+ Qf7 34. Bxh6+ Kg8 35. Qxa8 Qxb3 36. Qc6 Ne7 37. Qa6 Qd5+ 38. Kh2 Qc6 39. Qa7 Bxh6 40. Qxe7 Bf8 41. Qg5+ Ng7 42. Rc1 Kf7 43. Qd8 Bxc5 44. Qb8 Qd5 45. h5 Nxh5 46. Qb5 Nxg3 47. Kxg3 f4+ 48. Kh2 g3+ 49. fxg3 Qa2 50. Qc4+ Qxc4 51. Rxc4 fxg3+ 52. Kxg3 Bd6 53. Kf3 1-0

[Event "CRO Cup"]
[Site "Mali Losinj"]
[Date "2019.05.16"]
[Round "2.92"]
[White "Mrkonjic, Nenad"]
[Black "Babic, Zvonko"]
[Result "1-0"]
[WhiteElo "2351"]
[BlackElo "2198"]
[PlyCount "71"]
[EventDate "2019.05.15"]
[EventType "team-swiss"]
[EventRounds "6"]
[EventCountry "CRO"]
[SourceTitle "CBM 190 Extra"]
[Source "ChessBase"]
[SourceDate "2019.07.15"]
[SourceVersion "1"]
[SourceVersionDate "2019.07.15"]
[SourceQuality "1"]
[WhiteTeam "Osijek Ferit"]
[BlackTeam "Bjelovar"]
[WhiteTeamCountry "CRO"]
[BlackTeamCountry "CRO"]

1. e4 d6 2. d4 Nf6 3. Bd3 e5 4. dxe5 dxe5 5. Nf3 Bg4 6. h3 Bxf3 7. Qxf3 c6 8. 0-0 Nbd7 9. c3 Bc5 10. b4 Be7 11. Rd1 a5 12. b5 Qc7 13. bxc6 bxc6 14. Nd2 0-0 15. Nc4 Rfd8 16. Bc2 Rab8 17. g4 Nc5 18. Rxd8+ Rxd8 19. Rb1 Nfd7 20. Be3 Nf8 21. h4 Nfd7 22. g5 f6 23. Qg4 fxg5 24. hxg5 g6 25. Rd1 Rf8 26. Kg2 Rf7 27. Nxa5 Kg7 28. Nb3 Bf8 29. Nxc5 Nxc5 30. Bb3 Nxb3 31. axb3 Qa5 32. Rd3 h6 33. gxh6+ Kh7 34. Rd7 Rxd7 35. Qxd7+ Kh8 36. Qe8 1-0

[Event "CRO Cup"]
[Site "Mali Losinj"]
[Date "2019.05.15"]
[Round "1.12"]
[White "Babic, Zvonko"]
[Black "Markus, Robert"]
[Result "0-1"]
[WhiteElo "2198"]
[BlackElo "2595"]
[PlyCount "92"]
[EventDate "2019.05.15"]
[EventType "team-swiss"]
[EventRounds "6"]
[EventCountry "CRO"]
[SourceTitle "CBM 190 Extra"]
[Source "ChessBase"]
[SourceDate "2019.07.15"]
[SourceVersion "1"]
[SourceVersionDate "2019.07.15"]
[SourceQuality "1"]
[WhiteTeam "Bjelovar"]
[BlackTeam "Rijeka Liburnija"]
[WhiteTeamCountry "CRO"]
[BlackTeamCountry "CRO"]

1. d4 Nf6 2. c4 g6 3. Nc3 Bg7 4. e4 d6 5. Nf3 0-0 6. Be2 Nbd7 7. 0-0 e5 8. Re1 c6 9. Bf1 Re8 10. Rb1 b6 11. h3 exd4 12. Nxd4 Bb7 13. Nb3 Qc7 14. Bf4 Ne5 15. Rc1 h6 16. Nd4 Rad8 17. Bh2 a6 18. Kh1 Qb8 19. Qc2 b5 20. f4 Nxc4 21. Bxc4 bxc4 22. e5 Nd7 23. e6 Bxd4 24. exd7 Rxd7 25. f5 Kh7 26. fxg6+ fxg6 27. h4 c5 28. h5 Rg7 29. Ne4 Bxe4 30. Rxe4 Rxe4 31. Qxe4 Qxb2 32. hxg6+ Rxg6 33. Rb1 Qc3 34. Rb7+ Bg7 35. Bxd6 Qd4 36. Rxg7+ Qxg7 37. Be5 Qe7 38. Qf5 Qb7 39. Qc2 Qd5 40. Bc3 Qd3 41. Qb2 Rd6 42. Kh2 Rd7 43. Be5 Qf5 44. Qb8 Qh5+ 45. Kg3 Qg5+ 46. Kh3 Rd3+ 0-1

[Event "Pula op 32nd"]
[Site "Pula"]
[Date "2018.06.29"]
[Round "8"]
[White "Loncar, Robert"]
[Black "Babic, Zvonko"]
[Result "1-0"]
[WhiteElo "2423"]
[BlackElo "2208"]
[PlyCount "64"]
[EventDate "2018.06.23"]
[EventType "swiss"]
[EventRounds "9"]
[EventCountry "CRO"]
[SourceTitle "EXT 2019"]
[Source "ChessBase"]
[SourceDate "2018.10.10"]
[SourceVersion "1"]
[SourceVersionDate "2018.10.10"]
[SourceQuality "1"]

1. d4 d5 2. c4 e6 3. Nf3 c6 4. Nbd2 Nf6 5. Qc2 Nbd7 6. g3 Bd6 7. Bg2 0-0 8. 0-0 Re8 9. Rd1 Qe7 10. Nh4 Nf8 11. e4 dxe4 12. Nxe4 Nxe4 13. Qxe4 Bd7 14. Nf3 Rad8 15. Be3 Bc8 16. a3 Nd7 17. h3 a6 18. Re1 Qf8 19. Bf4 Nf6 20. Qe3 Nd7 21. Rad1 Bxf4 22. Qxf4 Nb6 23. Bf1 Na4 24. Qc1 Nb6 25. Qe3 Nd7 26. Rd3 b5 27. Rc3 Qd6 28. Bg2 Bb7 29. c5 Qb8 30. Rd3 Nf6 31. Nd2 Qc7 32. Qe2 a5 1-0

[Event "Bosnjaci op 23rd"]
[Site "Bosnjaci"]
[Date "2018.01.09"]
[Round "9"]
[White "Zaja, Ivan"]
[Black "Babic, Zvonko"]
[Result "1-0"]
[WhiteElo "2454"]
[BlackElo "2221"]
[PlyCount "45"]
[EventDate "2018.01.03"]
[EventType "swiss"]
[EventRounds "9"]
[EventCountry "CRO"]
[SourceTitle "CBM 182 Extra"]
[Source "ChessBase"]
[SourceDate "2018.02.23"]
[SourceVersion "1"]
[SourceVersionDate "2018.02.23"]
[SourceQuality "1"]

1. d4 d5 2. Nf3 Nf6 3. Bg5 e6 4. e3 c5 5. Nbd2 Nc6 6. c3 h6 7. Bh4 Bd6 8. Bd3 0-0 9. Bg3 Re8 10. Ne5 Bxe5 11. dxe5 Nd7 12. Qh5 Qg5 13. Qxg5 hxg5 14. f4 d4 15. Ne4 gxf4 16. exf4 f6 17. Nd6 Re7 18. Bh4 dxc3 19. bxc3 Rb8 20. 0-0-0 b6 21. Bb5 Ncxe5 22. fxe5 Nxe5 23. Bg3 1-0

[Event "Bosnjaci op 23rd"]
[Site "Bosnjaci"]
[Date "2018.01.05"]
[Round "4"]
[White "Cabarkapa, Novak"]
[Black "Babic, Zvonko"]
[Result "1-0"]
[WhiteElo "2441"]
[BlackElo "2221"]
[PlyCount "79"]
[EventDate "2018.01.03"]
[EventType "swiss"]
[EventRounds "9"]
[EventCountry "CRO"]
[SourceTitle "CBM 182 Extra"]
[Source "ChessBase"]
[SourceDate "2018.02.23"]
[SourceVersion "1"]
[SourceVersionDate "2018.02.23"]
[SourceQuality "1"]

1. b3 e5 2. Bb2 d6 3. e3 Nf6 4. d4 exd4 5. Qxd4 Nc6 6. Bb5 Bd7 7. Bxc6 bxc6 8. Nf3 Qb8 9. Nbd2 Qb6 10. Qd3 Be7 11. 0-0-0 Qb5 12. c4 Qa6 13. Kb1 Nd5 14. Qf1 Nf6 15. e4 0-0 16. Ka1 c5 17. e5 dxe5 18. Nxe5 Bf5 19. g4 Bxg4 20. Nxg4 Nxg4 21. Rg1 f5 22. h3 Nf6 23. Qd3 Rad8 24. Qxf5 Ne8 25. Qg4 Bf6 26. Ne4 Bxb2+ 27. Kxb2 Rxd1 28. Qxd1 Nf6 29. Nxc5 Qc6 30. Qd4 Re8 31. Rg3 Re2+ 32. Ka3 Qd6 33. Qxd6 cxd6 34. Nb7 Rd2 35. Re3 Kf7 36. Kb4 Nd7 37. a4 Kf6 38. Kb5 Rb2 39. Nxd6 Nb6 40. a5 1-0

[Event "Zagreb Hulak Memorial op 2nd"]
[Site "Zagreb"]
[Date "2017.12.01"]
[Round "2"]
[White "Babic, Zvonko"]
[Black "Stevic, Hrvoje"]
[Result "0-1"]
[WhiteElo "2215"]
[BlackElo "2601"]
[PlyCount "56"]
[EventDate "2017.11.30"]
[EventType "swiss"]
[EventRounds "9"]
[EventCountry "CRO"]
[SourceTitle "EXT 2019"]
[Source "ChessBase"]
[SourceDate "2018.10.10"]
[SourceVersion "1"]
[SourceVersionDate "2018.10.10"]
[SourceQuality "1"]

1. e4 e5 2. Nf3 Nc6 3. d4 exd4 4. Nxd4 Nf6 5. Nxc6 bxc6 6. e5 Qe7 7. Qe2 Nd5 8. c4 Nb6 9. Nd2 Bb7 10. b3 0-0-0 11. Bb2 g6 12. 0-0-0 Bg7 13. f4 c5 14. Nf3 Rhe8 15. g3 f6 16. Bg2 d6 17. Rhe1 fxe5 18. fxe5 Nd7 19. Bh3 Kb8 20. Kb1 Nxe5 21. Nxe5 Bxe5 22. Rd5 a6 23. Qd1 Qf6 24. Bxe5 dxe5 25. Rf1 Qg5 26. Bd7 Bxd5 27. Qxd5 Re7 28. Rf7 Rexd7 0-1

[Event "CRO-chT2 Center 26th"]
[Site "Croatia"]
[Date "2017.04.09"]
[Round "6.35"]
[White "Novak, Ratko"]
[Black "Babic, Zvonko"]
[Result "1/2-1/2"]
[WhiteElo "2180"]
[BlackElo "2187"]
[PlyCount "24"]
[EventDate "2017.03.26"]
[EventType "team-tourn"]
[EventRounds "11"]
[EventCountry "CRO"]
[SourceTitle "EXT 2019"]
[Source "ChessBase"]
[SourceDate "2018.10.10"]
[SourceVersion "1"]
[SourceVersionDate "2018.10.10"]
[SourceQuality "1"]

1. d4 Nf6 2. c4 c5 3. d5 b5 4. cxb5 a6 5. bxa6 g6 6. Nc3 Bxa6 7. e4 Bxf1 8. Kxf1 d6 9. Nf3 Nbd7 10. Bg5 Bg7 11. Qd2 h6 12. Bxf6 Bxf6 1/2-1/2

[Event "Bosnjaci op 22nd"]
[Site "Bosnjaci"]
[Date "2017.01.08"]
[Round "8"]
[White "Babic, Zvonko"]
[Black "Plenkovic, Zdenko"]
[Result "0-1"]
[WhiteElo "2162"]
[BlackElo "2421"]
[PlyCount "58"]
[EventDate "2017.01.03"]
[EventType "swiss"]
[EventRounds "9"]
[EventCountry "CRO"]
[SourceTitle "CBM 176 Extra"]
[Source "ChessBase"]
[SourceDate "2017.03.02"]
[SourceVersion "1"]
[SourceVersionDate "2017.03.02"]
[SourceQuality "1"]

1. d4 g6 2. Nf3 Bg7 3. c4 d6 4. Nc3 Nd7 5. g3 e6 6. Bg2 Ne7 7. 0-0 0-0 8. Qc2 b6 9. Bg5 h6 10. Bxe7 Qxe7 11. h4 c6 12. a4 a5 13. Rfd1 Ba6 14. b3 d5 15. Na2 Rac8 16. e4 dxc4 17. bxc4 c5 18. Bf1 cxd4 19. Nxd4 Bxc4 20. Bxc4 Ne5 21. Qb3 Rxc4 22. Rac1 Rfc8 23. Rxc4 Rxc4 24. Nb5 Qc5 25. Re1 Rc2 26. Rf1 Rb2 27. Qxb2 Nf3+ 28. Kg2 Bxb2 29. Kxf3 Qc4 0-1

[Event "Bosnjaci op 22nd"]
[Site "Bosnjaci"]
[Date "2017.01.06"]
[Round "6"]
[White "Babic, Zvonko"]
[Black "Leventic, Ivan"]
[Result "1/2-1/2"]
[WhiteElo "2162"]
[BlackElo "2424"]
[PlyCount "48"]
[EventDate "2017.01.03"]
[EventType "swiss"]
[EventRounds "9"]
[EventCountry "CRO"]
[SourceTitle "CBM 176 Extra"]
[Source "ChessBase"]
[SourceDate "2017.03.02"]
[SourceVersion "1"]
[SourceVersionDate "2017.03.02"]
[SourceQuality "1"]

1. Nf3 d5 2. d4 c5 3. e3 Nc6 4. b3 cxd4 5. exd4 Bg4 6. Be2 e6 7. 0-0 Bd6 8. h3 Bh5 9. Bb2 Nge7 10. Nbd2 0-0 11. c4 Rc8 12. Rc1 Bb8 13. c5 f6 14. Re1 Qd7 15. a3 Qc7 16. Nf1 Qf4 17. b4 a6 18. Bc3 e5 19. Bd2 Qf5 20. Ng3 Qg6 21. Nxh5 Qxh5 22. Nxe5 Qh4 23. Nf3 Qh5 24. Ne5 Qh4 1/2-1/2

[Event "Bosnjaci op 22nd"]
[Site "Bosnjaci"]
[Date "2017.01.04"]
[Round "3"]
[White "Tica, Sven"]
[Black "Babic, Zvonko"]
[Result "1-0"]
[WhiteElo "2352"]
[BlackElo "2162"]
[PlyCount "63"]
[EventDate "2017.01.03"]
[EventType "swiss"]
[EventRounds "9"]
[EventCountry "CRO"]
[SourceTitle "CBM 176 Extra"]
[Source "ChessBase"]
[SourceDate "2017.03.02"]
[SourceVersion "1"]
[SourceVersionDate "2017.03.02"]
[SourceQuality "1"]

1. d4 Nf6 2. c4 e6 3. g3 d5 4. Nf3 Be7 5. Bg2 0-0 6. Qc2 dxc4 7. Qxc4 a6 8. Qc2 Nbd7 9. 0-0 Ra7 10. Nbd2 b6 11. Nc4 Bb7 12. Nfe5 Bxg2 13. Kxg2 Qa8+ 14. f3 c5 15. Bg5 Rb8 16. Nxd7 Rxd7 17. dxc5 Bxc5 18. Bxf6 gxf6 19. Rad1 Rxd1 20. Rxd1 Rd8 21. b4 Rxd1 22. Qxd1 Bxb4 23. Nxb6 Qc6 24. Qd8+ Kg7 25. Nd7 Qc3 26. Kh3 Qb2 27. e4 h6 28. e5 Qb1 29. Qxf6+ Kg8 30. Qxh6 Qf5+ 31. Kh4 Bd2 32. Nf6+ 1-0

[Event "CRO-chT2 Center 25th"]
[Site "Croatia"]
[Date "2016.09.25"]
[Round "8.45"]
[White "Babic, Zvonko"]
[Black "Ivekovic, Ivana"]
[Result "0-1"]
[WhiteElo "2143"]
[BlackElo "1869"]
[PlyCount "114"]
[EventDate "2016.03.13"]
[EventType "team-tourn"]
[EventRounds "11"]
[EventCountry "CRO"]
[SourceTitle "EXT 2019"]
[Source "ChessBase"]
[SourceDate "2018.10.10"]
[SourceVersion "1"]
[SourceVersionDate "2018.10.10"]
[SourceQuality "1"]

1. Nf3 c5 2. c4 Nf6 3. Nc3 e6 4. d4 cxd4 5. Nxd4 a6 6. Nc2 Qc7 7. e4 Nc6 8. b3 b6 9. f4 d6 10. Be2 Be7 11. 0-0 0-0 12. Be3 Nd7 13. Rc1 Bf6 14. Qd2 Rd8 15. Ne1 Nc5 16. Bf3 Bb7 17. Ne2 Ne7 18. Qc2 Ng6 19. b4 Nd7 20. Qb1 Rac8 21. Ng3 e5 22. f5 Nf4 23. Nd3 Bg5 24. Rfe1 Nxd3 25. Qxd3 Bxe3+ 26. Qxe3 Nf6 27. Red1 Qc6 28. h3 h6 29. Re1 b5 30. c5 Qe8 31. Nh5 Nxh5 32. Bxh5 Qe7 33. cxd6 Rxd6 34. Rxc8+ Bxc8 35. Qc1 Bb7 36. Kh2 Rd7 37. Qc3 Rd4 38. a3 Bxe4 39. f6 Qxf6 40. Kg1 Qg5 41. Bg4 h5 42. Rxe4 Rxe4 43. Qc8+ Kh7 44. Bf5+ g6 45. Bxe4 Qe3+ 46. Kh1 Qxe4 47. Qxa6 Qd5 48. a4 Qd1+ 49. Kh2 bxa4 50. b5 Qb3 51. Qf6 e4 52. b6 e3 53. Qe7 e2 54. Qxe2 Qxb6 55. g4 hxg4 56. hxg4 a3 57. Qe8 Qb2+ 0-1

[Event "Bosnjaci op 20th"]
[Site "Bosnjaci"]
[Date "2015.01.07"]
[Round "7"]
[White "Babic, Zvonko"]
[Black "Tadic, Drago"]
[Result "1-0"]
[WhiteElo "2151"]
[BlackElo "1917"]
[PlyCount "73"]
[EventDate "2015.01.03"]
[EventType "swiss"]
[EventRounds "9"]
[EventCountry "CRO"]
[SourceTitle "CBM 164 Extra"]
[Source "ChessBase"]
[SourceDate "2015.03.02"]
[SourceVersion "1"]
[SourceVersionDate "2015.03.02"]
[SourceQuality "1"]

1. e4 c5 2. Nf3 Nc6 3. d4 cxd4 4. Nxd4 g6 5. c4 Bg7 6. Be3 e6 7. Nc3 a6 8. Be2 Nge7 9. 0-0 0-0 10. Rc1 f5 11. exf5 Nxf5 12. Nxf5 Rxf5 13. c5 Rf8 14. b3 Ne7 15. Ne4 Nd5 16. Bd4 Qe7 17. Bc4 Nb4 18. Bxg7 Qxg7 19. Qd2 Nc6 20. Nd6 Qd4 21. Qxd4 Nxd4 22. Rfd1 Nc6 23. Nxc8 Raxc8 24. Rxd7 Rce8 25. Rxb7 Na5 26. Rb6 Nxc4 27. Rxc4 a5 28. Ra6 Ra8 29. Rxa8 Rxa8 30. f4 Kf7 31. Kf2 Ke7 32. c6 Kd6 33. Ke3 Rc8 34. Ke4 Rxc6 35. Rxc6+ Kxc6 36. Ke5 Kd7 37. a3 1-0

[Event "Bosnjaci op 20th"]
[Site "Bosnjaci"]
[Date "2015.01.04"]
[Round "2"]
[White "Dizdarevic, Emir"]
[Black "Babic, Zvonko"]
[Result "1-0"]
[WhiteElo "2537"]
[BlackElo "2151"]
[PlyCount "55"]
[EventDate "2015.01.03"]
[EventType "swiss"]
[EventRounds "9"]
[EventCountry "CRO"]
[SourceTitle "CBM 164 Extra"]
[Source "ChessBase"]
[SourceDate "2015.03.02"]
[SourceVersion "1"]
[SourceVersionDate "2015.03.02"]
[SourceQuality "1"]

1. Nf3 Nf6 2. c4 e6 3. g3 d5 4. Bg2 c5 5. cxd5 exd5 6. 0-0 Be7 7. d4 Nc6 8. dxc5 Bxc5 9. a3 a5 10. Qc2 Be7 11. Nc3 Be6 12. Rd1 Rc8 13. Be3 0-0 14. Rac1 Qd7 15. Qa4 h6 16. Qb5 Bd6 17. Bb6 Qe7 18. Bxa5 Nxa5 19. Qxa5 Rc5 20. Nb5 Rfc8 21. Rxc5 Rxc5 22. Qb4 Rc1 23. Qe1 Rc2 24. Nfd4 Rc8 25. e4 Bc5 26. exd5 Bxd5 27. Qxe7 Bxe7 28. Nf5 1-0

[Event "CRO-chT2 Center 23rd"]
[Site "Grubisno Polje"]
[Date "2014.09.14"]
[Round "9.15"]
[White "Plenca, Jadranko"]
[Black "Babic, Zvonko"]
[Result "1-0"]
[WhiteElo "2250"]
[BlackElo "2153"]
[PlyCount "113"]
[EventDate "2014.03.02"]
[EventType "team-match"]
[EventRounds "11"]
[EventCountry "CRO"]
[SourceTitle "EXT 2016"]
[Source "ChessBase"]
[SourceDate "2015.10.08"]
[SourceVersion "1"]
[SourceVersionDate "2015.10.08"]
[SourceQuality "1"]

1. e4 c5 2. Nf3 d6 3. Bb5+ Bd7 4. Bxd7+ Qxd7 5. c4 Nc6 6. Nc3 Nf6 7. d4 cxd4 8. Nxd4 e6 9. 0-0 Be7 10. Be3 0-0 11. f4 Rfd8 12. Qe2 Rac8 13. Rfd1 Nxd4 14. Bxd4 Qc6 15. b3 a6 16. Rac1 Kf8 17. Qe1 Kg8 18. Kh1 Nd7 19. Nd5 Bf8 20. Nb4 Qc7 21. Nd3 b6 22. Qg3 Qb7 23. Nf2 Nc5 24. Re1 f5 25. exf5 exf5 26. Qg5 Qf7 27. Qg3 d5 28. cxd5 Qxd5 29. Rcd1 Qf7 30. Qf3 b5 31. h3 Ne6 32. Be5 Bb4 33. Rxd8+ Rxd8 34. Rd1 Rxd1+ 35. Nxd1 Qd7 36. Ne3 Qd3 37. Qd5 Qxd5 38. Nxd5 Bd2 39. g4 g6 40. Kg2 Kf7 41. g5 Nc5 42. Kf3 Nd3 43. Ke2 Nxe5 44. Kxd2 Nc6 45. Nc7 b4 46. Nxa6 Ke6 47. Kd3 Kd5 48. Nc7+ Kc5 49. Ne6+ Kd6 50. Nd4 Na5 51. Nc2 Kc5 52. a3 Nxb3 53. axb4+ Kb5 54. Kc3 Nc1 55. Nd4+ Ka4 56. Kc4 Na2 57. Nc2 1-0

[Event "CRO-chT2 Center 23rd"]
[Site "Grubisno Polje"]
[Date "2014.04.06"]
[Round "6.1"]
[White "Blaga, Marijan"]
[Black "Babic, Zvonko"]
[Result "0-1"]
[WhiteElo "2065"]
[BlackElo "2153"]
[PlyCount "148"]
[EventDate "2014.03.02"]
[EventType "team-match"]
[EventRounds "11"]
[EventCountry "CRO"]
[SourceTitle "EXT 2016"]
[Source "ChessBase"]
[SourceDate "2015.10.08"]
[SourceVersion "1"]
[SourceVersionDate "2015.10.08"]
[SourceQuality "1"]

1. d4 Nf6 2. c4 c5 3. e3 g6 4. Nf3 Bg7 5. Nc3 0-0 6. Be2 cxd4 7. exd4 d5 8. cxd5 Nxd5 9. 0-0 Nc6 10. Be3 Nxe3 11. fxe3 Qb6 12. Na4 Qa5 13. a3 Bh6 14. Kf2 Rd8 15. b4 Qc7 16. Qc2 Qd6 17. Rad1 b6 18. Nc3 Bb7 19. Ne4 Qd5 20. Nc3 Qh5 21. Qe4 Qf5 22. Qxf5 gxf5 23. d5 Nb8 24. Nd4 f4 25. e4 Bg7 26. Bf3 Nd7 27. Nce2 Be5 28. Nf5 Kf8 29. g3 Ba6 30. Rfe1 Bxe2 31. Rxe2 Rac8 32. gxf4 Bxf4 33. Nd4 Ne5 34. Rc2 Rxc2+ 35. Nxc2 Rc8 36. Nd4 Rc3 37. Be2 Rxa3 38. Nc6 a6 39. Nxe5 Bxe5 40. Rd3 Ra2 41. h3 Rb2 42. Ra3 Rxb4 43. Rxa6 Rxe4 44. Kf3 Rd4 45. Rxb6 Rxd5 46. Ke4 Ra5 47. Bc4 Bd6 48. Rb5 Ra4 49. Kd3 Ra3+ 50. Rb3 Ra1 51. Ke4 Kg7 52. Rf3 Re1+ 53. Re3 f5+ 54. Kf3 Rh1 55. Ke2 f4 56. Rf3 Kf6 57. Kf2 Rh2+ 58. Kg1 Rc2 59. Bd3 Rc1+ 60. Rf1 Rc3 61. Rf3 h6 62. Kg2 Rb3 63. h4 Ke5 64. Kh3 Kd4 65. Be2 Re3 66. Bd1 Ke4 67. Kg2 Rxf3 68. Bxf3+ Ke3 69. Bd1 e5 70. Kf1 e4 71. Bc2 f3 72. h5 Kf4 73. Ba4 e3 74. Bb5 Kg5 0-1

[Event "Zagreb op"]
[Site "Zagreb"]
[Date "2014.03.21"]
[Round "5"]
[White "Lekic, Dusan"]
[Black "Babic, Zvonko"]
[Result "1-0"]
[WhiteElo "2433"]
[BlackElo "2191"]
[PlyCount "57"]
[EventDate "2014.03.17"]
[EventType "swiss"]
[EventRounds "9"]
[EventCountry "CRO"]
[SourceTitle "CBM 159 Extra"]
[Source "ChessBase"]
[SourceDate "2014.04.24"]
[SourceVersion "1"]
[SourceVersionDate "2014.04.24"]
[SourceQuality "1"]

1. c4 Nf6 2. Nf3 c5 3. g3 g6 4. Bg2 Bg7 5. 0-0 0-0 6. d4 cxd4 7. Nxd4 Nc6 8. Nc3 a6 9. c5 Nxd4 10. Qxd4 d6 11. cxd6 Ne8 12. Qh4 Nxd6 13. Rd1 Re8 14. Bg5 f6 15. Be3 Qa5 16. Rd5 Qd8 17. Ne4 Be6 18. Nxd6 exd6 19. Rd2 Qe7 20. Qb4 f5 21. Rad1 d5 22. Qxe7 Rxe7 23. b3 Rc8 24. Bxd5 Bxd5 25. Rxd5 Kf7 26. Kf1 Rc2 27. R1d2 Rc1+ 28. Kg2 Bc3 29. R2d3 1-0

[Event "CRO-chT2 Center 23rd"]
[Site "Grubisno Polje"]
[Date "2014.03.16"]
[Round "4.1"]
[White "Stojkovic, Josip"]
[Black "Babic, Zvonko"]
[Result "0-1"]
[WhiteElo "2131"]
[BlackElo "2191"]
[PlyCount "89"]
[EventDate "2014.03.02"]
[EventType "team-match"]
[EventRounds "11"]
[EventCountry "CRO"]
[SourceTitle "EXT 2016"]
[Source "ChessBase"]
[SourceDate "2015.10.08"]
[SourceVersion "1"]
[SourceVersionDate "2015.10.08"]
[SourceQuality "1"]

1. e4 c5 2. Nf3 d6 3. Bb5+ Bd7 4. Bxd7+ Qxd7 5. d4 cxd4 6. Qxd4 Nc6 7. Qd3 Rc8 8. Nc3 g6 9. 0-0 Bg7 10. a3 Nf6 11. Rd1 Ng4 12. Rb1 Nce5 13. Nxe5 Nxe5 14. Qe2 Qc6 15. Be3 a6 16. Bd4 Qc4 17. Qd2 Qe6 18. b3 g5 19. Nd5 Qg4 20. Bxe5 Bxe5 21. Re1 Qh4 22. g3 Qg4 23. c4 h5 24. Qe2 Qh3 25. Qf1 Qe6 26. Ne3 h4 27. Nf5 hxg3 28. fxg3 Rh7 29. Qf3 Kd7 30. Re2 Qg6 31. Rd1 g4 32. Qe3 Rc6 33. c5 Qe6 34. Red2 Kc7 35. b4 Rh8 36. a4 Re8 37. Rc2 Kb8 38. b5 Rxc5 39. Rxc5 dxc5 40. Qxc5 Bc7 41. Qd5 Qb6+ 42. Kg2 e6 43. Qd4 exf5 44. Qxb6 Bxb6 45. exf5 0-1

[Event "CRO-chT2 Center 22nd"]
[Site "Sisak"]
[Date "2013.04.14"]
[Round "2.1"]
[White "Babic, Zvonko"]
[Black "Krklec, Josip"]
[Result "0-1"]
[WhiteElo "2201"]
[BlackElo "2108"]
[PlyCount "66"]
[EventDate "2013.04.14"]
[EventType "team-tourn"]
[EventRounds "11"]
[EventCountry "CRO"]
[SourceTitle "EXT 2016"]
[Source "ChessBase"]
[SourceDate "2015.10.08"]
[SourceVersion "1"]
[SourceVersionDate "2015.10.08"]
[SourceQuality "1"]

1. e4 c5 2. Nf3 Nc6 3. d4 cxd4 4. Nxd4 Nf6 5. Nc3 e6 6. Nxc6 bxc6 7. Bd3 d5 8. 0-0 Be7 9. e5 Nd7 10. Re1 f5 11. exf6 Nxf6 12. Qe2 0-0 13. Na4 Bd6 14. c4 e5 15. f3 e4 16. Bc2 Ng4 17. fxg4 Qh4 18. g3 Bxg3 19. Be3 Rf2 20. Qxf2 Bxf2+ 21. Bxf2 Qxg4+ 22. Bg3 h5 23. cxd5 cxd5 24. Bd1 Qh3 25. Nc3 h4 26. Bf4 Bb7 27. Be5 Rf8 28. Bd4 e3 29. Ne4 dxe4 30. Bb3+ Kh7 31. Rxe3 Rf3 32. Rae1 Ba6 33. Rxf3 exf3 0-1

[Event "Bosnjaci op 18th"]
[Site "Bosnjaci"]
[Date "2013.01.07"]
[Round "7"]
[White "Babic, Zvonko"]
[Black "Plenkovic, Zdenko"]
[Result "1/2-1/2"]
[WhiteElo "2193"]
[BlackElo "2380"]
[PlyCount "67"]
[EventDate "2013.01.03"]
[EventType "swiss"]
[EventRounds "9"]
[EventCountry "CRO"]
[SourceTitle "CBM 152 Extra"]
[Source "ChessBase"]
[SourceDate "2013.02.25"]
[SourceVersion "1"]
[SourceVersionDate "2013.02.25"]
[SourceQuality "1"]

1. Nf3 d6 2. c4 g6 3. Nc3 Bg7 4. d4 Nf6 5. e4 0-0 6. Be2 e5 7. d5 a5 8. Bg5 h6 9. Bh4 Na6 10. Nd2 Bd7 11. b3 Qe8 12. a3 Nh7 13. f3 h5 14. 0-0 Bh6 15. Rb1 Be3+ 16. Kh1 Bc5 17. Nb5 Qb8 18. Qc1 c6 19. dxc6 bxc6 20. Nc3 Qa7 21. Na4 Be3 22. Qc3 Bd4 23. Qc2 g5 24. Be1 Rfb8 25. f4 gxf4 26. Bxh5 Nf6 27. Qd1 Kg7 28. Bh4 Nxh5 29. Qxh5 f6 30. Bxf6+ Kxf6 31. Qh6+ Kf7 32. Qh7+ Kf8 33. Qh8+ Kf7 34. Qh5+ 1/2-1/2

[Event "CRO-chT2 Center"]
[Site "Zagreb"]
[Date "2012.10.21"]
[Round "9.35"]
[White "Babic, Zvonko"]
[Black "Hibner, Branko"]
[Result "1-0"]
[WhiteElo "2173"]
[BlackElo "2025"]
[PlyCount "53"]
[EventDate "2012.03.18"]
[EventType "team-swiss"]
[EventRounds "11"]
[EventCountry "CRO"]
[SourceTitle "EXT 2019"]
[Source "ChessBase"]
[SourceDate "2018.10.10"]
[SourceVersion "1"]
[SourceVersionDate "2018.10.10"]
[SourceQuality "1"]

1. e4 c5 2. Nf3 Nc6 3. d4 cxd4 4. Nxd4 Nf6 5. Nc3 e6 6. Ndb5 d6 7. Bf4 e5 8. Bg5 a6 9. Na3 Be6 10. Nc4 Nd4 11. Bxf6 gxf6 12. Nd5 Rc8 13. c3 Bxd5 14. exd5 Nf5 15. Qh5 Ne7 16. Rd1 Rg8 17. g3 Rg5 18. Qe2 b5 19. h4 Rxg3 20. fxg3 Rxc4 21. Qf3 Rc5 22. Qxf6 Qc7 23. Bg2 Ng8 24. Qg5 Nh6 25. 0-0 Rc4 26. Bf3 Qe7 27. Bh5 1-0